Čínski podnikatelia v Novej ekonomike
Integrácia do svetovej ekonomiky sa prejavuje pokrokom v rozvoji čínskych elektronických trhov. Nárast využitia internetu a rozšírenie novej technológie. Prístup k WTO je stimulom na reformy v Číne. Nová ekonomika v Číne. Platobné systémy. Podnikatelia v Číne. Číňania aktívni mimo Číny. Západní podn...
Salvato in:
| Autore principale: | |
|---|---|
| Natura: | Capitolo di libro |
| Lingua: | slovacco |
| Soggetti: | |
| Tags: |
Nessun Tag, puoi essere il primo ad aggiungerne!!
|
MARC
| LEADER | 00000naa a2200000 4500 | ||
|---|---|---|---|
| 001 | r043572 | ||
| 005 | 20230921112224.2 | ||
| 041 | 0 | |a slo | |
| 044 | |a SK | ||
| 245 | 1 | 0 | |a Čínski podnikatelia v Novej ekonomike |c Pedro Nueno |
| 520 | |a Integrácia do svetovej ekonomiky sa prejavuje pokrokom v rozvoji čínskych elektronických trhov. Nárast využitia internetu a rozšírenie novej technológie. Prístup k WTO je stimulom na reformy v Číne. Nová ekonomika v Číne. Platobné systémy. Podnikatelia v Číne. Číňania aktívni mimo Číny. Západní podnikatelia v Číne. Perspektívy pre Čínu. | ||
| 610 | 2 | 0 | |a podnikanie |
| 610 | 2 | 0 | |a podnikatelia |
| 610 | 2 | 0 | |a rast hospodársky |
| 610 | 2 | 0 | |a reformy |
| 610 | 2 | 0 | |a financie |
| 610 | 2 | 0 | |a bankovníctvo |
| 610 | 2 | 0 | |a obchod elektronický |
| 610 | 2 | 0 | |a systémy platobné |
| 610 | 2 | 0 | |a investície v zahraničí |
| 610 | 2 | 0 | |a investície zo zahraničia |
| 610 | 2 | 0 | |a Čína |
| 610 | 2 | 0 | |a internet |
| 610 | 2 | 0 | |a ekonomika nová |
| 100 | 1 | |a Nueno, Pedro | |